00658nam a2200193 a 450000100060000000300090000600800410001502000150005604000280007108200180009910000330011724500490015026000440019930000110024365000280025494200120028299900170029495201530031115878CO-ViMGA141112s2004 ck r 000 u spa d a9580800154 aCO-ViMGAbspacCO-ViMGA04aCo863.4 S156d1 aSalom Becerra, Alvaro92282010aDon Simeón Torrente ha dejado de.....Beber aBogotá, cCirculo de lectores, c1989 a215.p.14aNOVELA COLOMBIANA91193 2ddccBK c25914d25914 01102ddc40708003aMEVIECARbMEVIECARd2015-12-04hVolumen. 1 | 11/jun/2009l0oCo863.4 S156d p15878r2015-12-04 00:00:00tEj. 1w2015-12-04yBK